Transferovateľné zručnosti pre 3. stupeň štúdia

Gespeichert in:
Bibliographische Detailangaben
1. Verfasser: Lesáková, Dagmar, 1949-
Weitere Verfasser: Daňo, Ferdinand, 1959-, Michalová, Valéria, Šímová, Dana
Format: Buch
Sprache:Slowakisch
Veröffentlicht: Praha Wolters Kluwer ČR 2019
Ausgabe:1. vydanie
Schlagworte:
Tags: Tag hinzufügen
Keine Tags, Fügen Sie das erste Tag hinzu!

MARC

LEADER 00000nam a2200000 4500
001 0258653
005 20240502083735.6
020 |a 978-80-7598-484-5 
041 0 |a slo 
044 |a CZ 
245 1 0 |a Transferovateľné zručnosti pre 3. stupeň štúdia  |c Dagmar Lesáková, Ferdinand Daňo ; recenzenti: Valéria Michalová, Dana Šímová 
250 |a 1. vydanie 
264 1 |a Praha  |b Wolters Kluwer ČR  |c 2019 
300 |a [144 s.] [7,2 AH] 
610 2 0 |a práca tímová 
610 2 0 |a lídri 
610 2 0 |a vedenie 
610 2 0 |a koučovanie 
610 2 0 |a motivácia pracovná 
610 2 0 |a výkony pracovné 
610 2 0 |a manažment času 
610 2 0 |a riadenie projektové 
610 2 0 |a kreativita 
610 2 0 |a rétorika 
610 2 0 |a komunikácia 
100 1 |a Lesáková, Dagmar, 1949- 
700 1 |a Daňo, Ferdinand, 1959- 
700 1 |a Michalová, Valéria 
700 1 |a Šímová, Dana